|
|
|
|
| LEADER |
00842cam a2200277ua 4500 |
| 008 |
130618t2011||||||||||| 00 ||eng c |
| 020 |
|
|
|a 978-81-8387-471-7
|
| 041 |
0 |
|
|a eng
|
| 082 |
|
|
|a 338.954
|b RAJ/I
|
| 245 |
1 |
0 |
|a Impact of Globalization on Indian Economy /
|
| 250 |
|
|
|a 1
|
| 260 |
|
|
|a New Delhi:
|b Serials Publication,
|c 2011.
|
| 300 |
|
|
|a 583.
|
| 362 |
1 |
|
|a 2011.
|
| 365 |
|
|
|a Rs.2100/-
|
| 650 |
|
|
|a Economics- Economic policy-India
|
| 650 |
0 |
|
|a Economic system-India
|
| 650 |
0 |
|
|a Indian economy
|
| 650 |
0 |
|
|a Globalisation-Globalization
|
| 650 |
0 |
|
|a Economic reforms
|
| 650 |
0 |
|
|a Agriculture-India
|
| 650 |
0 |
|
|a Green marketing
|
| 700 |
0 |
2 |
|a Rajalingam,, P
|
| 942 |
|
|
|c BK
|
| 999 |
|
|
|c 29110
|d 29110
|
| 952 |
|
|
|0 0
|1 0
|4 0
|6 338_954000000000000_RAJ
|7 0
|9 30904
|a KUCL
|b KUCL
|d 2014-05-23
|l 0
|o 338.954 RAJ/
|p 30752
|r 2014-05-23
|w 2014-05-23
|y BK
|